000 00244nam a2200097Ia 4500
001 692975
005 20250826161905.0
008 250824s9999 xx 000 0 und d
245 0 _aYANGIN YILLARI/A.TELLİ/EVEREST
_cAHMET TELLİ
260 _bEVEREST
999 _c692975
_d692975